| 000 | 01662nam a22002657a 4500 | ||
|---|---|---|---|
| 999 |
_c1480 _d1480 |
||
| 003 | OSt | ||
| 005 | 20191014192148.0 | ||
| 008 | 170814b xxu||||| |||| 00| 0 esp d | ||
| 040 |
_cDO-SdBJH _aDO-SdBJH _bspa |
||
| 090 |
_aTG AAFFM _b01012 2015 |
||
| 100 | 1 |
_aMedina Méndez, Jhunior Daniel _esustentante |
|
| 245 | 1 | 0 |
_aPropuesta de modernización de la Fuerza Aérea de República Dominicana 2016-2020: Análisis diagnóstico del Comando de Mantenimiento Aéreo GBTJET / _cJhunior Daniel Medina Méndez, Carlos Ramírez Lachapel, asesores Claudio Benoit González, Tebi Enrique Rodríguez Hernández |
| 260 |
_aSanto Domingo Este : _bINSUDE, _c2015 |
||
| 300 | _axiii, 54 páginas, ilustraciones | ||
| 502 | _aTrabajo de grado (Licenciatura en Ciencias Aeronáuticas) -- Instituto Superior para la Defensa (INSUDE). -- Academia Aérea Gral. De Brigada Piloto Frank Andrés Feliz Miranda, 2015. | ||
| 504 | _aIncluye referencias bibliográficas e índices | ||
| 505 | _aAntecedentes históricos del Comando de Mantenimiento Aéreo,. -- Infraestructura del Comando de Mantenimiento Aéreo. -- Análisis FODA del Comando de Mantenimiento Aéreo | ||
| 650 | 4 | _aAnálisis de Comando de Mantenimiento Aéreo -- Modernización Fuerza Aérea (propuesta) | |
| 651 | 4 | _aRepública Dominicana. Fuerza Aérea -- Comando de Mantenimiento | |
| 700 | 1 |
_aRamírez Lachapel, Carlos _esustentante |
|
| 700 | 1 |
_aBenoit González, Claudio _easesor |
|
| 700 | 1 |
_aRodríguez Hernández, Tebi Enrique _easesor |
|
| 830 | _aINSUDE. Academia Aérea Gral. De Brig. Pil. Frank Andrés Feliz Miranda. Tesis y disertaciones académicas | ||
| 942 |
_2CL _cT |
||